000 00297nam a22001337a 4500
008 170203b xxu||||| |||| 00| 0 eng d
020 _a0838543464
041 _aeng
080 _22ND
_a61
100 _a3
101 _aSHM
245 _aINTRODUCTION TO HUMAN DISEASE
_cKENT, TH.H
942 _2udc
_cBK
999 _c4511
_d4511